[Event "Gallarate Ricciardi op"]
[Site "Gallarate"]
[Date "2016.05.24"]
[Round "2"]
[White "Trabucco, Ennio"]
[Black "Caccia, Andrea"]
[Result "1-0"]
[WhiteElo "1481"]
[BlackElo "1386"]
[PlyCount "95"]
[EventDate "2016.05.17"]
[EventType "swiss"]
[EventRounds "6"]
[EventCountry "ITA"]
[SourceTitle "EXT 2018"]
[Source "ChessBase"]
[SourceDate "2017.10.13"]
[SourceVersion "1"]
[SourceVersionDate "2017.10.13"]
[SourceQuality "1"]

1. d4 Nf6 2. c4 d5 3. Nc3 e6 4. Bg5 Be7 5. Nf3 0-0 6. e3 c5 7. cxd5 exd5 8. Be2 Nc6 9. 0-0 cxd4 10. Nxd4 Nxd4 11. Qxd4 Be6 12. Rac1 a6 13. a3 Rc8 14. Bf3 Rc4 15. Qd2 d4 16. Bxf6 Bxf6 17. Ne4 Qe7 18. Nxf6+ Qxf6 19. Rxc4 Bxc4 20. Re1 b5 21. Qxd4 Qxd4 22. exd4 Rd8 23. Rd1 Bd5 24. Bxd5 Rxd5 25. b4 f5 26. f4 h5 27. Kf2 Kf7 28. h4 g6 29. Ke3 Ke6 30. Kd3 Kd7 31. Re1 Rd6 32. Re5 Kc6 33. Rc5+ Kd7 34. d5 Ke7 35. Kd4 Rb6 36. Rc6 Rxc6 37. dxc6 Kd6 38. c7 Kxc7 39. Kc5 Kb7 40. Kd6 Kb6 41. Kd7 Kb7 42. Ke6 Kc6 43. Kf6 Kd5 44. Kxg6 Ke4 45. g3 Kf3 46. Kxf5 Kxg3 47. Kg5 Kf3 48. f5 1-0